The Tharus: (Record no. 165287)

MARC details
000 -LEADER
fixed length control field 00622nam a22001937a 4500
005 - DATE AND TIME OF LATEST TRANSACTION
control field 20210907113248.0
010 ## - LCCN (DPL NO)
LC control number ENG-125569
020 ## - INTERNATIONAL STANDARD BOOK NUMBER
International Standard Book Number 9788193756188
Terms of availability 890.00
035 ## - SYSTEM CONTROL NUMBER
System control number EN-109101
037 ## - SOURCE OF ACQUISITION
Source of stock number/acquisition DBAD/PUB
082 ## - DEWEY DECIMAL CLASSIFICATION NUMBER
Classification number 838.91209
100 ## - MAIN ENTRY--PERSONAL NAME
Personal name Srivastava S.K.
245 ## - TITLE STATEMENT
Title The Tharus:
Remainder of title a study in culture Dynamics/
Statement of responsibility, etc by S.K. Srivastava
260 ## - PUBLICATION, DISTRIBUTION, ETC. (IMPRINT)
Place of publication, distribution, etc Varanasi
Date of publication, distribution, etc 2018
Name of publisher, distributor, etc Kavyanjali Prakashan
270 ## - ADDRESS
Address N.13/32 E-11, Sarai Surjan Bajardiha
City Varansi, U.P.
Telephone number 9450818587
300 ## - PHYSICAL DESCRIPTION
Extent xxii,352p.
Dimensions 22cm(Hb)
Other physical details ill.
500 ## - GENERAL NOTE
General note include bibliography and index
942 ## - ADDED ENTRY ELEMENTS (KOHA)
Source of classification or shelving scheme Dewey Decimal Classification
Item type English Books
Classification part 838.91209
Call number suffix SRI
Holdings
Withdrawn status Lost status Not for loan Collection code Home library Current library Date acquired Source of acquisition Cost, normal purchase price Full call number Barcode Copy number Cost, replacement price Koha item type
      Non-fiction Sarojini Nagar Sarojini Nagar 13/06/2019 DBAD/PUB 890.00 838.91209 SRI EN-109101 1 890.00 English Books

© Delhi Public Library
Hit Counter
free hit counter